000 00452nam a2200193Ia 4500
008 210210b1989 xxu||||| |||| 00| 0 eng d
020 _a0029460603
041 _aeng
082 _a575.1 BURS
100 _aBURNS (George W)
245 _aScience of genetics. Ed 6
250 _a
260 _aLondon
_bCollier Macmillan
_c1989
300 _axvi,491
650 _aGenetics
690 _aGenetics
700 _aBOTTINO (Paul J)
906 _a046257
999 _c95768
_d95768